LEADER 00942nam a2200217 4500 001 000000358737 003 CaOOAMICUS 005 20240712144452.0 008 240703s2005 it 000 u ita r 040 $aSeMil$bita 245 00$aDiabolus in fabula :$bil diavolo nella letteratura di Dante all'Esorcista /$ca cura di Alessandro Paronuzzi. 264 1$aMilano :$bÀncora,$c2005. 300 $a208 p. ;$c21 cm 650 4$aDemonio nella letteratura.$0(OLS)http://semarc/subject/51914 700 1 $aParonuzzi, Alessandro.$0(OLS)http://semarc/name/77629 850 $aSeMil 852 $aSeMil$W1$xVenegono$y1$m1R III 44$j249667$B249811$CSeMilBibl$Z2$F249811 $81 961 $aCitrini don Tullio ? Omaggio 996 $6245$aDiabolus in fabula :$bil diavolo nella letteratura di Dante all'Esorcista$9(OLS)http://semarc/title/449141 996 $6264$aMilano :$bÀncora$9(OLS)http://semarc/publisher/29763 LEADER 00868nam a2200217 i 4500 001 000000053155 003 CaOOAMICUS 005 20120901000000.0 008 120901s1975 it u000 u ita u 013 $a24327 040 $aSeMil$bita 100 1 $aCaron, Pier Giovanni <1911-1999>.$0(OLS)http://semarc/name/10775 245 12$aI poteri giuridici del laicato nella Chiesa primitiva /$cPier Giovanni Caron. 250 $a2. edizione. 260 $aMilano :$bGiuffrè,$c1975. 300 $aIV, 269 p. ;$c26 cm. 650 4$aLaicato - Diritto canonico.$0(OLS)http://semarc/subject/6631 850 $aSeMil 852 $aSeMil$W1$xVenegono$y1$m2H III 151$j19309$B19309$CSeMilBibl$Z2$F19311 $81 996 $6245$aI poteri giuridici del laicato nella Chiesa primitiva$9(OLS)http://semarc/title/81820 996 $6260$aMilano :$bGiuffrè$9(OLS)http://semarc/publisher/29926